| 000 | 00903nam a2200313Ia 4500 | ||
|---|---|---|---|
| 001 | Para_9790 | ||
| 003 | CHAP | ||
| 008 | 220125s1984 xx 000 0 und d | ||
| 010 | _a208435 | ||
| 020 | _a0805303162 | ||
| 040 | _cCHAP | ||
| 082 | _aPA 575.1 A97 | ||
| 100 |
_aAyala, Francisco J. _98986 |
||
| 245 |
_aModern genetics / _c Francisco J. Ayala; John A. Kiger, Jr. |
||
| 250 | _a2 | ||
| 260 |
_aMenlo Park, Calif. : _b Benjamin/Cummings Pub. Co. |
||
| 300 | _axviii, 923 p. | ||
| 440 |
_aThe Benjamin/Cummings series in the life sciences _9112626 |
||
| 500 | _aincluye referencias bibliográficas e índice | ||
| 650 |
_aGenética _947469 |
||
| 700 |
_aKiger, John A., coaut. _9174850 |
||
| 901 | _aPA 575.1 A97 | ||
| 902 | _aM | ||
| 905 | _a5232201984 a 8000000000 00 | ||
| 910 | _a1984 | ||
| 942 | _cPARA | ||
| 942 |
_cPARA _d1 |
||
| 999 |
_c208435 _d208435 |
||